[Event "Jerusalem Israel op"]
[Site "Jerusalem"]
[Date "2019.12.22"]
[Round "9"]
[White "Iliaguev, Nisim"]
[Black "Slonimskij, Arkadij"]
[Result "1-0"]
[WhiteElo "2275"]
[BlackElo "2133"]
[PlyCount "55"]
[EventDate "2019.12.12"]
[EventType "swiss"]
[EventRounds "9"]
[EventCountry "ISR"]
[SourceTitle "CBM 193 Extra"]
[Source "ChessBase"]
[SourceDate "2020.01.31"]
[SourceVersion "1"]
[SourceVersionDate "2020.01.31"]
[SourceQuality "1"]

1. d4 Nf6 2. c4 e6 3. g3 c5 4. Nf3 cxd4 5. Nxd4 Nc6 6. Bg2 Be7 7. 0-0 0-0 8. Nc3 a6 9. b3 Qc7 10. Bb2 d6 11. Rc1 Nxd4 12. Qxd4 Bd7 13. Rfd1 e5 14. Qd3 Bc6 15. Nd5 Bxd5 16. Bxd5 Rfd8 17. Bg2 Rab8 18. b4 Qd7 19. Qb3 Qe6 20. Bd5 Qh3 21. Qf3 b6 22. a4 Nxd5 23. Rxd5 Qc8 24. Ba3 Qc6 25. b5 Qa8 26. Qd3 axb5 27. axb5 Re8 28. Bxd6 1-0

[Event "Jerusalem Israel op"]
[Site "Jerusalem"]
[Date "2019.12.16"]
[Round "4"]
[White "Baron, Tal"]
[Black "Slonimskij, Arkadij"]
[Result "1/2-1/2"]
[WhiteElo "2541"]
[BlackElo "2133"]
[PlyCount "53"]
[EventDate "2019.12.12"]
[EventType "swiss"]
[EventRounds "9"]
[EventCountry "ISR"]
[SourceTitle "CBM 193 Extra"]
[Source "ChessBase"]
[SourceDate "2020.01.31"]
[SourceVersion "1"]
[SourceVersionDate "2020.01.31"]
[SourceQuality "1"]

1. d4 Nf6 2. c4 e6 3. Nc3 Bb4 4. f3 c5 5. d5 b5 6. e4 d6 7. Nge2 bxc4 8. Nf4 e5 9. Nfe2 Nbd7 10. Ng3 Bxc3+ 11. bxc3 Nb6 12. Be2 0-0 13. 0-0 Ne8 14. Rb1 g6 15. Bh6 Ng7 16. Qd2 f6 17. Rf2 Rb8 18. Qc1 Bd7 19. Qa3 Na4 20. Rxb8 Qxb8 21. Bxc4 Qb1+ 22. Rf1 Qb6 23. Ne2 Nb2 24. Ba6 Na4 25. Bc4 Nb2 26. Ba6 Na4 27. Bc4 1/2-1/2

[Event "Jerusalem Israel op"]
[Site "Jerusalem"]
[Date "2019.12.13"]
[Round "2"]
[White "Birnboim, Nathan"]
[Black "Slonimskij, Arkadij"]
[Result "1-0"]
[WhiteElo "2393"]
[BlackElo "2133"]
[PlyCount "66"]
[EventDate "2019.12.12"]
[EventType "swiss"]
[EventRounds "9"]
[EventCountry "ISR"]
[SourceTitle "CBM 193 Extra"]
[Source "ChessBase"]
[SourceDate "2020.01.31"]
[SourceVersion "1"]
[SourceVersionDate "2020.01.31"]
[SourceQuality "1"]

1. d4 g6 2. e4 Bg7 3. Nf3 d6 4. Nc3 Nd7 5. Bc4 c6 6. 0-0 Nb6 7. Bb3 d5 8. h3 e6 9. Bg5 Ne7 10. Re1 h6 11. Bh4 g5 12. Bg3 a5 13. a4 f5 14. exf5 Nxf5 15. Ne2 0-0 16. c3 Nd7 17. Bc2 Nf6 18. Ne5 Ne4 19. Bxe4 dxe4 20. Bh2 e3 21. fxe3 Nxe3 22. Qd3 Nf5 23. Ng3 Bxe5 24. Rxe5 Bd7 25. Rae1 Rf7 26. Qe2 Ng7 27. Ne4 Qf8 28. h4 gxh4 29. Qg4 Kh8 30. Qg6 Nf5 31. Rxf5 Rxf5 32. Nd6 h3 33. Nxf5 Qd8 1-0

[Event "ISR-chT"]
[Site "Israel"]
[Date "2018.01.19"]
[Round "3.4"]
[White "Smirin, Ilia"]
[Black "Slonimskij, Arkadij"]
[Result "1-0"]
[WhiteElo "2613"]
[BlackElo "2128"]
[PlyCount "45"]
[EventDate "2018.01.05"]
[EventType "team-tourn"]
[EventRounds "11"]
[EventCountry "ISR"]
[SourceTitle "CBM 182 Extra"]
[Source "ChessBase"]
[SourceDate "2018.02.23"]
[SourceVersion "1"]
[SourceVersionDate "2018.02.23"]
[SourceQuality "1"]
[WhiteTeam "Ashdod Elite"]
[BlackTeam "Jerusalem Tenth"]
[WhiteTeamCountry "ISR"]
[BlackTeamCountry "ISR"]

1. e4 e6 2. d4 d5 3. Nd2 dxe4 4. Nxe4 Qd5 5. Nc3 Bb4 6. Nf3 Nf6 7. Bd3 Ne4 8. 0-0 Nxc3 9. bxc3 Bxc3 10. Rb1 Nd7 11. Ba3 c6 12. Rb3 Ba5 13. c4 Qh5 14. Bd6 Bd8 15. Be2 Qh6 16. Ne5 g6 17. Ng4 Qg7 18. d5 cxd5 19. cxd5 Be7 20. dxe6 fxe6 21. Bb5 Bxd6 22. Qxd6 Qe7 23. Qd4 1-0

[Event "Pardubice Czech op-B 28th"]
[Site "Pardubice"]
[Date "2017.07.27"]
[Round "7"]
[White "Matejovsky, Ondrej"]
[Black "Slonimskij, Arkadij"]
[Result "0-1"]
[WhiteElo "2039"]
[BlackElo "2160"]
[PlyCount "86"]
[EventDate "2017.07.21"]
[EventType "swiss"]
[EventRounds "9"]
[EventCountry "CZE"]
[SourceTitle "CBM 179 Extra"]
[Source "ChessBase"]
[SourceDate "2017.08.23"]
[SourceVersion "1"]
[SourceVersionDate "2017.08.23"]
[SourceQuality "1"]

1. e4 e6 2. d4 d5 3. exd5 Qxd5 4. Nf3 Nf6 5. c4 Bb4+ 6. Nc3 Qd8 7. Bd3 c5 8. dxc5 Nbd7 9. Bc2 Bxc3+ 10. bxc3 Nxc5 11. Qxd8+ Kxd8 12. Ng5 Ke7 13. Ba3 b6 14. Ne4 Nfxe4 15. Bxe4 Rb8 16. 0-0-0 Ba6 17. Bc6 Rhd8 18. Bb5 Bb7 19. Bxc5+ bxc5 20. f3 Rxd1+ 21. Rxd1 Rd8 22. Re1 f6 23. Kc2 g5 24. h3 e5 25. Ba4 Ba6 26. Bb5 Rd6 27. Bxa6 Rxa6 28. Kb2 h5 29. Ra1 f5 30. Kc2 Ke6 31. Kd3 Rb6 32. Kc2 e4 33. fxe4 fxe4 34. g3 Ke5 35. Rd1 Rd6 36. Rxd6 Kxd6 37. Kd2 Ke5 38. Ke3 Kf5 39. a3 a6 40. a4 a5 41. Kf2 h4 42. Kg2 Ke5 43. Kf2 g4 0-1

[Event "EU-ch 16th"]
[Site "Jerusalem"]
[Date "2015.03.08"]
[Round "11"]
[White "Slonimskij, Arkadij"]
[Black "Golubov, Saveliy"]
[Result "0-1"]
[WhiteElo "2176"]
[BlackElo "2362"]
[PlyCount "60"]
[EventDate "2015.02.24"]
[EventType "swiss"]
[EventRounds "11"]
[EventCountry "ISR"]
[SourceTitle "CBM 166"]
[Source "ChessBase"]
[SourceDate "2015.05.11"]
[SourceVersion "1"]
[SourceVersionDate "2015.05.11"]
[SourceQuality "1"]

1. d4 Nf6 2. c4 e6 3. Nf3 d5 4. cxd5 exd5 5. Nc3 c6 6. Bg5 Bf5 7. Qb3 b6 8. e3 Be7 9. Ne5 0-0 10. Be2 h6 11. Bh4 Nfd7 12. Nxd7 Nxd7 13. Bg3 b5 14. 0-0 Nb6 15. Qd1 a5 16. a4 bxa4 17. Nxa4 Nxa4 18. Qxa4 Qb6 19. Qa2 Rfc8 20. Rfc1 Ra7 21. Bd1 c5 22. dxc5 Bxc5 23. Bb3 d4 24. exd4 Bxd4 25. Bc2 Be6 26. Qa4 Qxb2 27. Rab1 Qa2 28. Rb8 Rxb8 29. Qxd4 Qxc2 30. Qf4 Rb1 0-1

[Event "EU-ch 16th"]
[Site "Jerusalem"]
[Date "2015.03.06"]
[Round "10"]
[White "Sarana, Alexey"]
[Black "Slonimskij, Arkadij"]
[Result "1/2-1/2"]
[WhiteElo "2419"]
[BlackElo "2176"]
[PlyCount "149"]
[EventDate "2015.02.24"]
[EventType "swiss"]
[EventRounds "11"]
[EventCountry "ISR"]
[SourceTitle "CBM 166"]
[Source "ChessBase"]
[SourceDate "2015.05.11"]
[SourceVersion "1"]
[SourceVersionDate "2015.05.11"]
[SourceQuality "1"]

1. e4 Nf6 2. e5 Nd5 3. d4 d6 4. Nf3 Bg4 5. Be2 c6 6. 0-0 Bxf3 7. Bxf3 dxe5 8. dxe5 e6 9. b3 Nd7 10. Bb2 Qc7 11. Qe2 Nf4 12. Qe4 Ng6 13. Re1 a5 14. a4 Bb4 15. Na3 Bxe1 16. Rxe1 Nb6 17. h4 Ne7 18. h5 h6 19. Be2 g6 20. hxg6 Nxg6 21. Bd3 0-0-0 22. Bc3 Rd5 23. Qe3 Rhd8 24. Nc4 Nxc4 25. bxc4 Rxd3 26. cxd3 c5 27. Rb1 Ne7 28. Qf3 Nc6 29. Kf1 Qd7 30. Rd1 Nb4 31. Qe3 b6 32. Bxb4 axb4 33. a5 Qa4 34. Ke2 Qxa5 35. Qxh6 Qa2+ 36. Qd2 Qxd2+ 37. Kxd2 Kb7 38. Ra1 b5 39. Rc1 Kb6 40. cxb5 Kxb5 41. Kc2 Ra8 42. Kb2 Ra3 43. Rd1 Kc6 44. f4 Kd5 45. g4 Kd4 46. g5 Rxd3 47. Rxd3+ Kxd3 48. f5 c4 49. fxe6 fxe6 50. g6 c3+ 51. Kc1 b3 52. g7 b2+ 53. Kb1 Kd2 54. g8Q c2+ 55. Kxb2 c1Q+ 56. Ka2 Qc2+ 57. Ka1 Qc3+ 58. Kb1 Qb4+ 59. Ka2 Qa5+ 60. Kb3 Qb5+ 61. Ka3 Qxe5 62. Qd8+ Ke2 63. Qc8 Qa1+ 64. Kb3 Qb1+ 65. Ka3 Qd3+ 66. Kb4 Qd4+ 67. Kb3 e5 68. Qh8 Qe3+ 69. Kc2 e4 70. Qe5 Qd3+ 71. Kc1 Qc4+ 72. Kb2 e3 73. Qd6 Qd3 74. Qh2+ Ke1 75. Qh4+ 1/2-1/2

[Event "EU-ch 16th"]
[Site "Jerusalem"]
[Date "2015.03.04"]
[Round "8"]
[White "Georgiev, Kiril"]
[Black "Slonimskij, Arkadij"]
[Result "1-0"]
[WhiteElo "2623"]
[BlackElo "2176"]
[PlyCount "63"]
[EventDate "2015.02.24"]
[EventType "swiss"]
[EventRounds "11"]
[EventCountry "ISR"]
[SourceTitle "CBM 166"]
[Source "ChessBase"]
[SourceDate "2015.05.11"]
[SourceVersion "1"]
[SourceVersionDate "2015.05.11"]
[SourceQuality "1"]

1. Nf3 g6 2. d4 Bg7 3. c4 d6 4. Nc3 f5 5. e4 Nh6 6. Be2 0-0 7. 0-0 Nc6 8. d5 Ne5 9. Nxe5 dxe5 10. a4 e6 11. a5 exd5 12. cxd5 Nf7 13. Be3 Nd6 14. f3 Kh8 15. Qd2 Rf7 16. Nb5 Bd7 17. Nxd6 cxd6 18. Qb4 Be8 19. Rfc1 Bf8 20. Rc2 Rc7 21. Rc3 Be7 22. Kh1 Qd7 23. Bb5 Qd8 24. Bxe8 Rxc3 25. bxc3 Qxe8 26. Qxb7 a6 27. c4 Bf8 28. Rb1 Qc8 29. Qf7 Rb8 30. Rb6 Qd8 31. h3 fxe4 32. Bg5 1-0

[Event "EU-ch 16th"]
[Site "Jerusalem"]
[Date "2015.02.24"]
[Round "1"]
[White "Slonimskij, Arkadij"]
[Black "Erdos, Viktor"]
[Result "0-1"]
[WhiteElo "2176"]
[BlackElo "2615"]
[PlyCount "50"]
[EventDate "2015.02.24"]
[EventType "swiss"]
[EventRounds "11"]
[EventCountry "ISR"]
[SourceTitle "CBM 166"]
[Source "ChessBase"]
[SourceDate "2015.05.11"]
[SourceVersion "1"]
[SourceVersionDate "2015.05.11"]
[SourceQuality "1"]

1. d4 Nf6 2. c4 g6 3. Nc3 d5 4. cxd5 Nxd5 5. Na4 Bg7 6. e4 Nb6 7. Be3 0-0 8. Nf3 Bg4 9. Nc5 Nc6 10. d5 Ne5 11. Rc1 e6 12. Nxb7 Qc8 13. Nd6 Qd8 14. Nb7 Qb8 15. Ba6 exd5 16. exd5 Nxf3+ 17. gxf3 Bc8 18. Nc5 Rd8 19. 0-0 Nxd5 20. Bg5 Rd6 21. Bxc8 Qxc8 22. Ne4 Qh3 23. Qb3 Rd7 24. Rfd1 Rad8 25. Bxd8 Nf4 0-1

[Event "Jerusalem Japhet Memorial op 2nd"]
[Site "Jerusalem"]
[Date "2014.07.18"]
[Round "3"]
[White "Shohat, Yotam"]
[Black "Slonimskij, Arkadij"]
[Result "0-1"]
[WhiteElo "1880"]
[BlackElo "2207"]
[PlyCount "54"]
[EventDate "2014.07.16"]
[EventType "swiss"]
[EventRounds "9"]
[EventCountry "ISR"]
[SourceTitle "CBM 161 Extra"]
[Source "ChessBase"]
[SourceDate "2014.08.29"]
[SourceVersion "1"]
[SourceVersionDate "2014.08.29"]
[SourceQuality "1"]

1. c4 e5 2. g3 Nf6 3. Bg2 d5 4. cxd5 Nxd5 5. Nc3 Nb6 6. Nf3 Nc6 7. 0-0 Be7 8. d3 0-0 9. Be3 Be6 10. Ne4 Nd5 11. Bc5 f6 12. Bxe7 Qxe7 13. Qc1 Rad8 14. Nc5 Bc8 15. Nb3 Kh8 16. Nfd2 Nd4 17. Nxd4 exd4 18. Bf3 c5 19. Nc4 f5 20. Qd2 b6 21. Rae1 f4 22. e4 dxe3 23. fxe3 fxg3 24. hxg3 Nb4 25. d4 b5 26. Ne5 Qxe5 27. Qf2 Qe7 0-1

[Event "Czestochowa op"]
[Site "Czestochowa"]
[Date "1992.??.??"]
[Round "9"]
[White "Krauze, Dariusz"]
[Black "Slonimskij, Arkadij"]
[Result "1-0"]
[WhiteElo "2315"]
[BlackElo "2220"]
[PlyCount "111"]
[EventDate "1992.??.??"]
[EventType "swiss"]
[EventRounds "9"]
[EventCountry "POL"]
[SourceTitle "TD"]
[Source "ChessBase"]
[SourceDate "1994.03.01"]
[SourceVersion "1"]
[SourceVersionDate "1994.03.01"]
[SourceQuality "1"]

1. c4 Nf6 2. Nc3 e6 3. e4 d5 4. e5 d4 5. exf6 dxc3 6. bxc3 Qxf6 7. d4 Bd6 8. Nf3 Bf4 9. Ba3 Bd6 10. c5 Be7 11. Bc1 h6 12. h4 Nc6 13. Be3 e5 14. Bg5 Qf5 15. Bxe7 Kxe7 16. Bd3 Qg4 17. 0-0 exd4 18. Re1+ Be6 19. Re4 Qh5 20. cxd4 Rhd8 21. Bc4 Qf5 22. Qe2 Kf8 23. Bxe6 fxe6 24. Qe3 Kg8 25. Re1 Qd5 26. a3 b6 27. Rg4 Kh8 28. Qxe6 bxc5 29. Qg6 Rd7 30. dxc5 Rf8 31. Re8 Rxe8 32. Qxe8+ Kh7 33. Qg6+ Kh8 34. Re4 Ne7 35. Qe8+ Ng8 36. Rd4 Re7 37. Rxd5 Rxe8 38. Rd7 Re7 39. Rd8 Re4 40. Rc8 Ra4 41. Rxc7 Rxa3 42. Ne5 Ra1+ 43. Kh2 Rc1 44. c6 a5 45. Ra7 Rc5 46. f4 Kh7 47. h5 Nf6 48. g4 Nd5 49. Kg3 Rc3+ 50. Kf2 Nxf4 51. Rxa5 Ne6 52. Ra8 g5 53. Ra7+ Kg8 54. Re7 Nf4 55. c7 Rc2+ 56. Ke1 1-0

[Event "Czestochowa op"]
[Site "Czestochowa"]
[Date "1992.??.??"]
[Round "5"]
[White "Slonimskij, Arkadij"]
[Black "Siekaniec, Jan"]
[Result "0-1"]
[WhiteElo "2220"]
[BlackElo "2215"]
[PlyCount "98"]
[EventDate "1992.??.??"]
[EventType "swiss"]
[EventRounds "9"]
[EventCountry "POL"]
[SourceTitle "TD"]
[Source "ChessBase"]
[SourceDate "1994.03.01"]
[SourceVersion "1"]
[SourceVersionDate "1994.03.01"]
[SourceQuality "1"]

1. d4 Nf6 2. c4 g6 3. Nc3 Bg7 4. e4 d6 5. Nf3 0-0 6. Be2 e5 7. 0-0 Nc6 8. d5 Ne7 9. b4 Ne8 10. c5 h6 11. Nd2 f5 12. f3 f4 13. Nc4 g5 14. a4 Rf7 15. Ba3 Bf8 16. b5 Ng6 17. cxd6 cxd6 18. a5 h5 19. Na2 Rg7 20. Nb4 g4 21. fxg4 hxg4 22. Bxg4 Qg5 23. Bf3 Bd7 24. a6 Bxb5 25. axb7 Rxb7 26. Na5 Rg7 27. Rf2 Nh4 28. Nbc6 Nf6 29. Rb1 a6 30. Kh1 Rh7 31. Bc1 Qg3 32. Qg1 Kf7 33. Rb3 Ng6 34. h3 Qh4 35. Ba3 Kg8 36. Rd2 Nh8 37. Qf2 Qg5 38. Qb6 Nf7 39. Nb7 Qg3 40. Qf2 Qg6 41. Qe1 Rc8 42. Rc3 Rc7 43. Nba5 Ng5 44. Nxe5 dxe5 45. Rxc7 Rxc7 46. Bxf8 Kxf8 47. Qa1 Nxf3 48. Qa3+ Ke8 49. Qxf3 Qg3 0-1